000 01301nam a2200229Ia 4500
001 1294
003 GE_BSU
008 181216s||||||||xx |||||||||||||| ||und||
040 _cGE_BSU
080 _a621.81(075.8)
100 _aეზიკაშვილი, ო; ჭელიძე, დ; ხვინგია, მ;
245 _aმანქანათა ნაწილები.
245 _bშეერთებები,ღერძები,ლილვები, საკისრები, ქუროები და ზამბარები. (გაანგარიშების ტიპიური მაგალითები და საკონტროლო ამოცანები). დამხმ. სახელობის პოლიტექნიკური ინ-ტის. სტუდენტებისათვის.
260 _aთბილისი
260 _bგანათლება
260 _c1968
300 _a326 გვ. 21 სმ.
541 _h10 ლ.
653 _aმანქანათა ნაწილები.
653 _aშეერთებები,ღერძები,ლილვები, საკისრები, ქუროები და ზამბარები.
942 _cBK
999 _c35436
_d35436